Borussia Dortmund Squad 2021-2022 - Statistics

General Stats
  • This quiz has been taken 245 times
  • The average score is 22 of 33
Answer Stats
# Position Nation Player % Correct
9 FW Norway Erling Haaland
98%
11 MF Germany Marco Reus
92%
22 MF England Jude Bellingham
91%
10 FW Belgium Thorgan Hazard
91%
15 DF Germany Mats Hummels
90%
7 MF United States Giovanni Reyna
89%
1 GK Switzerland Gregor Kobel
89%
38 GK Switzerland Roman Bürki
88%
16 DF Switzerland Manuel Akanji
83%
13 DF Portugal Raphaël Guerreiro
83%
5 DF France Dan-Axel Zagadou
81%
28 MF Belgium Axel Witsel
79%
21 FW Netherlands Donyell Malen
79%
19 MF Germany Julian Brandt
78%
24 DF Belgium Thomas Meunier
78%
35 GK Switzerland Marwin Hitz
75%
23 MF Germany Emre Can
71%
8 MF Syria Mahmoud Dahoud
68%
20 MF Brazil Reinier Jesus
66%
- Coach Germany Marco Rose
64%
2 DF Spain Mateu Morey
62%
18 FW Germany Youssoufa Moukoko
61%
14 DF Germany Nico Schulz
60%
39 FW Germany Marius Wolf
49%
29 DF Germany Marcel Schmelzer
48%
34 DF Croatia Marin Pongračić
43%
30 DF Germany Felix Passlack
40%
25 GK Germany Luca Unbehaun
38%
27 FW Germany Steffen Tigges
38%
4 DF France Soumaïla Coulibaly
37%
32 MF Guinea Abdoulaye Kamara
32%
36 FW Germany Ansgar Knauff
22%
37 MF Germany Tobias Raschl
20%
No matching quizzes found
Score Distribution
Percent of People with Each Score
Percentile by Number Answered
Your Score History
You have not taken this quiz